<?xml version="1.0" encoding="UTF-8"?>
<record
    xmlns:xsi="http://www.w3.org/2001/XMLSchema-instance"
    xsi:schemaLocation="http://www.loc.gov/MARC21/slim http://www.loc.gov/standards/marcxml/schema/MARC21slim.xsd"
    xmlns="http://www.loc.gov/MARC21/slim">

  <leader>02035nam a22002657a 4500</leader>
  <controlfield tag="003">DO-SdBJH</controlfield>
  <controlfield tag="005">20250624223141.0</controlfield>
  <controlfield tag="008">250624b2024    dr db||| |||| 00| 0 spa d</controlfield>
  <datafield tag="040" ind1=" " ind2=" ">
    <subfield code="a">DO-SdBJH</subfield>
    <subfield code="b">spa</subfield>
    <subfield code="c">DO-SdBJH</subfield>
  </datafield>
  <datafield tag="041" ind1="0" ind2=" ">
    <subfield code="a">spa</subfield>
  </datafield>
  <datafield tag="090" ind1=" " ind2=" ">
    <subfield code="a">TG EGAEE</subfield>
    <subfield code="b">02413 2024</subfield>
  </datafield>
  <datafield tag="100" ind1="1" ind2=" ">
    <subfield code="a">Abreu Rosario, Togarma</subfield>
    <subfield code="e">sustentante</subfield>
  </datafield>
  <datafield tag="245" ind1="1" ind2="0">
    <subfield code="a">Diagn&#xF3;stico del enmascaramiento y encriptaci&#xF3;n de datos para detectar ciberataques en la infraestructura cr&#xED;tica a&#xE9;rea amenaza a la seguridad nacional :</subfield>
    <subfield code="b">per&#xED;odo 2021-2022 /</subfield>
    <subfield code="c">Togarma Abreu Rosario, Lennis N&#xFA;&#xF1;ez Jim&#xE9;nez ; asesor de contenido Carlos Luis Leonardo Garc&#xED;a ; asesor metodol&#xF3;gico C&#xE9;sar Alberto Thomas Castillo.</subfield>
  </datafield>
  <datafield tag="260" ind1=" " ind2=" ">
    <subfield code="a">Santo Domingo, Rep&#xFA;blica Dominicana :</subfield>
    <subfield code="b">UNADE,</subfield>
    <subfield code="c">2024.</subfield>
  </datafield>
  <datafield tag="300" ind1=" " ind2=" ">
    <subfield code="a">xxi, 138 p&#xE1;ginas :</subfield>
    <subfield code="b">mapas, gr&#xE1;ficas.</subfield>
  </datafield>
  <datafield tag="500" ind1=" " ind2=" ">
    <subfield code="a">Incluye ap&#xE9;ndice y glosario.</subfield>
  </datafield>
  <datafield tag="502" ind1=" " ind2=" ">
    <subfield code="a">Tesis y trabajo de grado (Maestr&#xED;a en Seguridad y Defensa Nacional) -- Universidad Nacional para la Defensa "General Juan Pablo Duarte y D&#xED;ez", 2024.</subfield>
  </datafield>
  <datafield tag="504" ind1=" " ind2=" ">
    <subfield code="a">Incluye referencias bibliogr&#xE1;ficas y anexos. </subfield>
  </datafield>
  <datafield tag="505" ind1=" " ind2=" ">
    <subfield code="a">Aspectos generales del enmascaramiento y encriptaci&#xF3;n de datos en la infraestructura cr&#xED;tica a&#xE9;rea para la detecci&#xF3;n de los ataques cibern&#xE9;ticos, durante el per&#xED;odo 2021-2022 -- Principales vulnerabilidades en los sistemas de enmascaramiento y encriptaci&#xF3;n de datos utilizados en la infraestructura cr&#xED;tica a&#xE9;rea de Rep&#xFA;blica Dominicana en el per&#xED;odo 2021-2022 -- Impacto de las medidas de enmascaramiento y encriptaci&#xF3;n de datos en la detecci&#xF3;n de ciberataques en la infraestructura cr&#xED;tica a&#xE9;rea de la Rep&#xFA;blica Dominicana en el per&#xED;odo 2021-2022.</subfield>
  </datafield>
  <datafield tag="700" ind1="1" ind2=" ">
    <subfield code="a">N&#xFA;&#xF1;ez Jim&#xE9;nez, Lennis</subfield>
    <subfield code="e">sustentante</subfield>
  </datafield>
  <datafield tag="700" ind1="1" ind2=" ">
    <subfield code="a">Leonardo Garc&#xED;a, Carlos Luis</subfield>
    <subfield code="e">asesor de contenido</subfield>
  </datafield>
  <datafield tag="700" ind1="1" ind2=" ">
    <subfield code="a">Thomas Castillo, C&#xE9;sar Alberto</subfield>
    <subfield code="e">asesor metodol&#xF3;gico</subfield>
  </datafield>
  <datafield tag="830" ind1=" " ind2=" ">
    <subfield code="a">Tesis y disertaciones acad&#xE9;micas (Universidad Nacional para la Defensa "General Juan Pablo Duarte y D&#xED;ez). Escuela de Graduados de Altos Estudios Estrat&#xE9;gicos.</subfield>
    <subfield code="9">20</subfield>
  </datafield>
  <datafield tag="942" ind1=" " ind2=" ">
    <subfield code="2">CL</subfield>
    <subfield code="c">T</subfield>
  </datafield>
  <datafield tag="999" ind1=" " ind2=" ">
    <subfield code="c">8306</subfield>
    <subfield code="d">8306</subfield>
  </datafield>
  <datafield tag="952" ind1=" " ind2=" ">
    <subfield code="0">0</subfield>
    <subfield code="1">0</subfield>
    <subfield code="2">CL</subfield>
    <subfield code="4">0</subfield>
    <subfield code="7">0</subfield>
    <subfield code="8">TG</subfield>
    <subfield code="a">BJHA</subfield>
    <subfield code="b">BJHA</subfield>
    <subfield code="c">GEN</subfield>
    <subfield code="d">2025-06-24</subfield>
    <subfield code="i">24-02413</subfield>
    <subfield code="l">0</subfield>
    <subfield code="o">TG EGAEE 02413 2024</subfield>
    <subfield code="p">24-02413</subfield>
    <subfield code="r">2025-06-24 22:32:36</subfield>
    <subfield code="t">1</subfield>
    <subfield code="w">2025-06-24</subfield>
    <subfield code="y">T</subfield>
  </datafield>
</record>
